The Herbarium handbook /

محفوظ في:

مؤلف مشترك: Royal Botanic Gardens, Kew.

مؤلفون آخرون: Bridson, Diane M., Forman, Leonard.

التنسيق: كتاب

اللغة: English

منشور في: [London] : Royal Botanic Gardens, Kew, 1992.

الطبعة: Rev. ed.

الموضوعات:

الوسوم: إضافة وسم

لا توجد وسوم, كن أول من يضع وسما على هذه التسجيلة!

رقم الطلب: QK75 .H47 1992

LEADER 00789nam a22002417a 4500
003 OSt
005 20251117100250.0
008 251117t1992 enkab bf 001 0 eng d
040 |c ARCE Library 
050 1 4 |a QK75  |b .H47 1992 
245 1 4 |a The Herbarium handbook /   |c edited by Diane Bridson and Leonard Forman. 
250 |a Rev. ed. 
264 1 |a [London] :   |b Royal Botanic Gardens, Kew,   |c 1992. 
300 |a xii, 303 p. :  |b ill., maps ;  |c 25 cm. 
504 |a Includes bibliographical references and indexes. 
650 0 |a Botanical specimens -- Collection and preservation. 
650 0 |a Herbaria -- Handbooks, manuals, etc. 
700 1 |a Bridson, Diane M. 
700 1 |a Forman, Leonard. 
710 2 |a Royal Botanic Gardens, Kew. 
901 |a reviewed 
942 |2 lcc  |c BK 
999 |c 48672  |d 48672